| 000 | 01098nam a2200277 i 4500 | ||
|---|---|---|---|
| 001 | 187049 | ||
| 003 | SpMaBN | ||
| 005 | 20250907063137.0 | ||
| 008 | 170406s1983 sp |||| |dspa d | ||
| 020 | _a84-7472-049-4 | ||
| 080 | _a961"0647/1517"(093) | ||
| 100 | 1 |
_aIbn al-Hatib, Muhammad ibn 'Abd Allâh, _d1313-1375 _9162300 |
|
| 245 | 1 | 0 |
_aKitab a'mal al-a'lam. _nParte 3ª, _pHistoria medieval islámica del Norte de África y Sicilia / _cIbn al-Jatib ; traducción, notas e índices, por Rafaela Castrillo. |
| 246 | 3 | 0 | _aHistoria medieval islámica del Norte de África y Sicilia |
| 260 |
_aMadrid : _bInstituto Hispano-Árabe de Cultura, _c1983. |
||
| 300 |
_a1 v. (XXVII, 198 p.) ; _c24 cm. |
||
| 500 | _aÍndices. | ||
| 504 | _aBibliografía: p. 193-198. | ||
| 505 | 8 | _aContiene: Pte. 3ª | |
| 651 | 7 |
_aMagreb- _xHistoria- _y647-1517. _9155943 |
|
| 651 | 4 |
_aSicilia- _xHistoria- _y827-1072. _9162301 |
|
| 700 | 1 |
_aCastrillo Márquez, Rafaela. _936818 |
|
| 710 | 2 |
_aInstituto Hispano-Árabe de Cultura. _9162165 |
|
| 852 |
_aES-MaACL _jL-31370 |
||
| 999 |
_c187049 _d187049 |
||